Flag with orange - Statistics

General Stats
  • This quiz has been taken 11 times
  • The average score is 3 of 10
Answer Stats
Answer % Correct
Ireland
80%
India
50%
Ivory Coast
50%
Bhutan
40%
Armenia
30%
Niger
30%
Sri Lanka
30%
Marshall Islands
10%
Zambia
10%
Cyprus
0%
No matching quizzes found
Score Distribution
Percent of People with Each Score
Percentile by Number Answered
Your Score History
You have not taken this quiz